Social media in human resources management / (رقم التسجيلة. 35092)

تفاصيل مارك
000 -الفاتح
حقل البيانات ثابتة الطول 00802nam a22002417a 4500
003 - محدد رقم الضبط
رقم الضبط OSt
005 - وقت وتاريخ اخر تعامل مع التسجيلة
رقم الضبط 20150408114218.0
008 - عناصر البيانات ثابتة الطول - معلومات عامة
حقل البيانات ثابتة الطول 140515s2013 enka f b 000 0 eng d
020 ## - الرقم الدولى المعيارى للكتب
الرقم الدولى المعيارى للكتاب 9781781909003
040 ## - مصدر الفهرسة
وكالة الفهرسة الأصلية Ma-Un
082 04 - رقم تصنيف ديوى العشرى
رقم الطبعة 22
رقم التصنيف 658.3
رقم المادة SOM
245 00 - بيان العنوان
العنوان Social media in human resources management /
بيان المسئوليه,etc edited by Tanya Bondarouk, Miguel R. Olivas-Lujan.
250 ## - بيان الطبعة
بيان الطبعة 1st ed.
260 ## - PUBLICATION, DISTRIBUTION, ETC. (IMPRINT)
مكان الناشر او الموزع Bingley, United Kingdom :
اسم الناشر او الموزع Emerald,
تاريخ النشر أو التوزيع 2013.
300 ## - الوصف المادى
التعداد xv, 255 p. :
تفاصيل ماديه اخرى للوعاء ill. ;
أبعاد الوعاء 25 cm.
490 1# - بيان السلسلة
عنوان السلسلة Advanced series in management,
الرقم الدولى المعيارى للدوريات 1877-6361
504 ## - تبصرة ببليوجرافية
تبصرة ببليوجرافية,الخ Includes bibliographical references.
650 ## - المدخل الاضافى بالموضوع-مصطلح موضوعى
مصطلح موضوعي أو اسم جغرافي كعنصر مدخل Personnel management.
650 ## - المدخل الاضافى بالموضوع-مصطلح موضوعى
مصطلح موضوعي أو اسم جغرافي كعنصر مدخل Social media.
9 (RLIN) 15121
700 1# - المدخل الاضافى - اسم شخصى
الإسم الشخصى Bondarouk, Tanya,
التواريخ المصاحبة للاسم 1967-
الدور editor
9 (RLIN) 45159
700 1# - المدخل الاضافى - اسم شخصى
الإسم الشخصى Olivas-Lujan, Miguel R.,
الدور editor
9 (RLIN) 45160
942 ## - عناصر المدخل الإضافي( كوها)
مصدر التصنيف او مخطط الترفيف Dewey Decimal Classification
Koha [default] item type كتاب
المقتنيات
حالة الفقد نموذج السعر الفعال حالة تلف ليس للاعارة رقم الطلب رقم النسخة تاريخ الاكتساب مصدر التزويد الموقع الحالي الباركود الفرع الرئيسي Date last seen نوع المادة فى نظام كوها مصدر التصنيف او خطة الترفيف Total Checkouts
  2014-05-15   Not For Loan 658.3 SOM 1 2014-05-15 دار العرب المكتبة المركزية بالمجمعة (CL) 00211404 المكتبة المركزية بالمجمعة (CL) 2014-05-15 كتاب Dewey Decimal Classification  
  2014-05-15     658.3 SOM 2 2014-05-15 دار العرب المكتبة المركزية بالمجمعة (CL) 00211405 المكتبة المركزية بالمجمعة (CL) 2014-05-15 كتاب Dewey Decimal Classification  
  2014-05-15     658.3 SOM 3 2014-05-15 دار العرب المكتبة المركزية بالمجمعة (CL) 00211406 المكتبة المركزية بالمجمعة (CL) 2014-05-15 كتاب Dewey Decimal Classification